000 00647nam a2200229Ia 4500
003 OSt
005 20220928121709.0
006 a|||||r|||| 00| 0
007 ta
008 220927b |||||||| |||| 00| 0 eng d
024 _a37832
037 _cReference Collections
040 _aSDCL
_cSDCL
_beng
041 _2eng
_aeng
082 _aX:8aN8, M4 RR
100 _aVernon K D C
_9453967
245 0 _aInformation sources in Management and Business.
260 _aLondon
_bButterworths
_c1984
300 _axiii,346p
_ccm.
942 _hX:8aN8, M4 RR
_cREF
_2CC
999 _c767803
_d767803